Sports Quiz

Random Sports Quiz
Score 0/26 Timer 04:00
0 Plays Today
County Club % Correct
Argyll and Bute/East Dunbartonshire/East Renfrewshire/Na h-Eileanan Siar/North Ayrshire/Orkney/Shetlandnone
100%
AberdeenAberdeen
97.2%
GlasgowCeltic
95.9%
DundeeDundee
92.9%
EdinburghHibernian
92.5%
FalkirkFalkirk
89.1%
East AyrshireKilmarnock
82.8%
HighlandRoss County
81.3%
South AyrshireAyr United
80%
North LanarkshireMotherwell
80%
Perth and KinrossSt. Johnstone
79.2%
South LanarkshireHamilton Academical
74.5%
StirlingStirling Albion
73.8%
County Club % Correct
RenfrewshireSt. Mirren
73.6%
West LothianLivingston
72.1%
Dumfries and GallowayQueen of the South
70.4%
West DunbartonshireDumbarton
68%
FifeDunfermline Athletic
66.3%
AberdeenshirePeterhead
62.9%
InverclydeGreenock Morton
60.7%
ClackmannanshireAlloa Athletic
59.2%
AngusArbroath
58.6%
MorayElgin City
57.3%
BordersGala Fairydean Rovers
18.5%
East LothianMusselburgh Athletic & Tranent
12.9%
MidlothianWhitehill Welfare
8.6%
Remove Ads.
Support Sporcle.
Get the best of Sporcle when you Go Orange. This ad-free experience offers more features, more stats, and more fun while also helping to support Sporcle. Thank you for becoming a member.

You're not logged in!

Compare scores with friends on all Sporcle quizzes.
OR
Log In

Show Comments

Extras

Top Quizzes Today


Score Distribution

Your Account Isn't Verified!

In order to create a playlist on Sporcle, you need to verify the email address you used during registration. Go to your Sporcle Settings to finish the process.

Report this User

Report this user for behavior that violates our Community Guidelines.

Details: